| 000 | 02812nab a2200325 a 4500 | ||
|---|---|---|---|
| 005 | 20210219162120.0 | ||
| 008 | 991125s1985 mx 000 0 spa u | ||
| 035 | _aUPN01000198240 | ||
| 049 | _aART-E | ||
| 100 | 1 | _aValencia Serrano, Marcela | |
| 100 | 1 | _aDuarte Soto, Johathan | |
| 100 | 1 | _aCaicedo Tamayo, Adriana María | |
| 100 | 1 | _uamc@javierianacali.edu.co | |
| 222 | _aPENSAMIENTO PSICOLOGICO | ||
| 245 | _aAprendizaje autorregulado, metas académicas y rendimiento en evaluaciones de estudiantes universitarios | ||
| 260 | _aColombia | ||
| 300 | _a53-70 | ||
| 362 | 0 | _a2013, Vol. 11, no. 2 | |
| 520 | _aExplorar la relación entre aprendizaje autorregulado, metas académicas y rendimiento en una evaluación académica de 8 estudiantes universitarios. Método. Se realizó una entrevista semi-estructurada, una observación directa de una sesión de estudio y protocolos verbales durante y después de la sesión. Resultados. En relación con las metas académicas, se encontró que 3 estudiantes tuvieron una única orientación a metas de dominio por aproximación, mientras que 5 estudiantes se orientaron a múltiples metas académicas. Respecto al aprendizaje autorregulado, se encontraron estudiantes con bajos y altos niveles. En la relación entre aprendizaje autorregulado, metas académicas y rendimiento en la evaluación, fue posible identificar tres grupos de estudiantes: (a) altos niveles de autorregulación y orientación única a metas de dominio por aproximación, (b) bajos niveles de autorregulación y múltiple orientación a metas de dominio y ejecución en tendencias de aproximación y evitación, y (c) variaciones en el nivel de autorregulación con múltiple orientación a metas académicas. Todas las estudiantes obtuvieron calificaciones aprobatorias en la evaluación, independientemente de su nivel de autorregulación y de la orientación a metas académicas. Conclusión. El abordaje procedimental del aprendizaje autorregulado, en función de las metas académicas, permitió obtener información relevante para la comprensión de este proceso, por lo que se recomienda seguir realizando este tipo de estudios para dar cuenta de los diferentes funcionamientos de las estudiantes universitarios en tiempo real, de sus variaciones y relación con otros aspectos motivacionales involucrados en sus procesos de aprendizaje. | ||
| 653 | 0 | _aAPRENDIZAJE AUTORREGULADO | |
| 653 | 0 | _aEVALUACION | |
| 653 | 0 | _aPROCESOS DE APRENDIZAJES | |
| 653 | 0 | _aESTUDIANTES UNIVERSITARIOS | |
| 856 | 4 | _uhttp://revistas.javerianacali.edu.co/index.php/pensamientopsicologico/article/view/428/1436 | |
| 905 | _aArticulo | ||
| 336 | _atexto$2rdacontent | ||
| 337 | _acomputadora$2rdamedia | ||
| 338 | _arecurso en linea$2rdacarrier | ||
| 999 |
_c170341 _d170341 |
||